|
|
|
|
| LEADER |
00000nam0a2200000 4500 |
| 001 |
359943 |
| 005 |
20231102011232.0 |
| 035 |
|
|
|a (RuTPU)RU\TPU\retro\17249
|
| 090 |
|
|
|a 359943
|
| 100 |
|
|
|a 20210210d m y0rusy50 ca
|
| 101 |
0 |
|
|a rus
|
| 102 |
|
|
|a RU
|
| 105 |
|
|
|a y z 000zy
|
| 200 |
1 |
|
|a Дубликат предметной книжки
|f Томский технологический институт, Химическое отделение
|
| 210 |
|
|
|a Томск
|c Типография П. И. Макушина
|
| 215 |
|
|
|a [6] с.
|
| 300 |
|
|
|a Текст в русской дореформенной орфографии
|
| 606 |
1 |
|
|a Томский политехнический университет
|2 stltpush
|3 (RuTPU)RU\TPU\subj\67475
|9 83260
|
| 610 |
1 |
|
|a Коллекция История ТПУ
|
| 610 |
1 |
|
|a Томский технологический институт
|
| 610 |
1 |
|
|a химические специальности
|
| 610 |
1 |
|
|a химия
|
| 610 |
1 |
|
|a документы
|
| 610 |
1 |
|
|a студенты
|
| 610 |
1 |
|
|a оценивание
|
| 686 |
|
|
|a Ч484(2)72ТПУ
|v LBC/SL-A
|2 rubbk
|
| 712 |
0 |
2 |
|a Томский технологический институт
|b Химическое отделение
|c (1896-1923)
|2 stltpush
|3 (RuTPU)RU\TPU\col\9244
|
| 801 |
|
1 |
|a RU
|b 63413507
|c 20210210
|
| 942 |
|
|
|c BK
|